Geometry Dash - Extreme Demons Starting with S (Pre-2.2) - Statistics

General Stats
  • This quiz has been taken 142 times
    4 since last reset
  • The average score is 33 of 98
Answer Stats
Publisher Answer % Correct
Diamond Sakupen Circles
100%
TrusTa Sakupen Hell
100%
lSunix Sonic Wave
100%
APTeamOfficial Sonic Wave Infinity
100%
Serponge Sonic Wave Rebirth
100%
Luqualizer Silent Club
75%
TheRealSailent Silent clubstep
75%
IcEDCave Slaughterhouse
75%
IIKugelBlitZII SARY NEVER CLEAR
50%
aartos SARYYX NEVER CLEAR
50%
Renn241 Saul Goodman
50%
TMco Scream Machine
50%
MindCap Sigma
50%
Wahffle Sinister Silence
50%
Linear2 Solar Flare
50%
IcEDCave Stellar Night
50%
vortrox Stereo Extremeness
50%
pocke sunburn
50%
VelYT Sweater Weather
50%
Custi SAND SAILOR
25%
EternaswipVMAX Sapphire Angel
25%
Zeptrus sarthix
25%
Zeptrus Sazerix
25%
Sillow SECTOR 19
25%
THEREALXFUTURE Semicolon 3
25%
iRainstorm Sephiroth
25%
deThe Sephtis
25%
Javp Sewers
25%
AleeXhey Shape of the Sun
25%
ItzKiba Shardscapes
25%
efext SHATTER
25%
Xanii Shibui
25%
amplitron shimmer
25%
Devilmine Shimmering Chamber
25%
cherryteam Shinigami
25%
Renn241 Shmarley Ville
25%
Spectex Shock Breaker
25%
Arb Shock Therapy
25%
SpinStudios Shotgun
25%
clncrvl Showdown
25%
MadisonYuko Shukketsu
25%
joker179114 Shukufuku
25%
OliSW Shutdown
25%
MaxxoRMeN Sides Of My Mind
25%
Platnuu Sigma Interface
25%
Sminx SIGSEGV
25%
Xolarzz Silentium Clavas
25%
Stormfly Silentium Gradas
25%
BIANOX SINGULARITY
25%
ItsHybrid Sinister Incision
25%
Awedsy Sink
25%
VirtualCrack Skrrah
25%
dorvict Sky Shredder
25%
Giron Sky tech
25%
mbedsun SL8O
25%
Enfur SMARTISH MODE
25%
thazm SMASH
25%
Bratki Snowdrift
25%
Dorami SnowFall Fiesta
25%
notged25 Snowfall Storm
25%
theParadoxTeam Sodium
25%
ZephiroX Solarion
25%
swoli Solstice
25%
awesomeme360 SorryForPartyRocking
25%
CHUZA SoulbounD
25%
Eclipsed Spacial Rend
25%
MzeroGD Sparkling
25%
lTemp Spectrum Blaze
25%
lTemp Spectrum Cyclone
25%
Ryder Spectrum Rave
25%
Addsomething Spectrum Split
25%
Kaito SPEEDRUN
25%
ElectriDark Spirit House
25%
VigorousGard3n Springtime
25%
GdTheTactiq Stalemate Redux
25%
heheJorse stand in the snow
25%
Magmeta Static Ignition
25%
SamMaxx Stellaluna
25%
LaZye Step To Hell
25%
koko43 STICKS FOR BONES
25%
IINimbusII Storming Summit
25%
TeamE12 Stygian Machinery
25%
ViPriN SubSonic
25%
Snowr33de SUBVERSIVE
25%
crohn44 Sunset Sandstorm
25%
TheRealWeenside Supercharged
25%
IcEDCave SUPERHATEMEWORLD
25%
vARIKOZ super kontik
25%
nabbbbbb SUPERMAYOHATECLUB
25%
alkali super probably level
25%
TMNGaming Surge of Memories
25%
Arclia Surge of the Shield
25%
Koopazu Swirling Serenity
25%
Vlacc Synergy
25%
Tauiga SyrEX
25%
jakerz95 Sysmique Locked
25%
Zeniux SZYSLAK
25%
YoReid The {Sulphur Sea}
25%
No matching quizzes found
Score Distribution
Percent of People with Each Score
Percentile by Number Answered
Your Score History
You have not taken this quiz since the last reset